书目信息 |
| 题名: |
哲学和启蒙
|
|
| 作者: | 邢贲思 著 | |
| 分册: | ||
| 出版信息: | 北京 人民出版社 1980 |
|
| 页数: | 297页 | |
| 开本: | 19cm | |
| 丛书名: | ||
| 单 册: | ||
| 中图分类: | B-53 , B20 | |
| 科图分类: | ||
| 主题词: | 唯物主义--文集--哲学--中国 , 唯心主义--哲学--中国 | |
| 电子资源: | ||
| ISBN: | ||
| 000 | 00634nam0 2200253 45 | |
| 001 | 1132067800 | |
| 005 | 20110928085600.56 | |
| 010 | @dCNY0.66 | |
| 091 | @aCN@b2001.191 | |
| 100 | @a19950619d1980 emky0chiy0121 ea | |
| 101 | 0 | @achi |
| 102 | @aCN@b110000 | |
| 105 | @ay z 000yy | |
| 200 | 10 | @a哲学和启蒙@Azhe xue he qi meng@f邢贲思著 |
| 210 | @a北京@c人民出版社@d1980 | |
| 215 | @a297页@d19cm | |
| 606 | 0 | @a唯物主义@x文集@x哲学@x中国 |
| 606 | 0 | @a唯心主义@x哲学@x中国 |
| 690 | @aB-53@v3 | |
| 690 | @aB20@v4 | |
| 701 | 0 | @a邢贲思@Axing bi si@4著 |
| 801 | 0 | @aCN@bTSSF |
| 801 | 2 | @aCN@bNLC |
| 905 | @a10447@dB20@eJY33 | |
| 哲学和启蒙/邢贲思著.-北京:人民出版社,1980 |
| 297页;19cm |
| ISBN :CNY0.66 |
| ● |
| 相关链接 |
|
|
|
|
正题名:哲学和启蒙
索取号:B20/JY33
 
预约/预借
| 序号 | 登录号 | 条形码 | 馆藏地/架位号 | 状态 | 备注 |
| 1 | 7824411 | 278244115 | 学院路分馆/ [索取号:B20/JY33] | 在馆 | |
| 2 | 7824412 | 278244124 | 学院路分馆/ [索取号:B20/JY33] | 在馆 |